000
00210nam a22000857a 4500
008
161129b xxu||||| |||| 00| 0 eng d
100
_9
1545
_a
Khan.n
245
_a
The city of statues
260
_a
New delhi
_b
NCERT
_c
1987
999
_c
4277
_d
4277